<?xml version="1.0" encoding="UTF-8"?>
<record
    xmlns:xsi="http://www.w3.org/2001/XMLSchema-instance"
    xsi:schemaLocation="http://www.loc.gov/MARC21/slim http://www.loc.gov/standards/marcxml/schema/MARC21slim.xsd"
    xmlns="http://www.loc.gov/MARC21/slim">

  <leader>00787nam a22002297i 4500</leader>
  <controlfield tag="003">DO-SdBNP</controlfield>
  <controlfield tag="005">20250310115451.0</controlfield>
  <controlfield tag="007">ta</controlfield>
  <controlfield tag="008">250310b2016    dr ab||| |||| 00| 0 spa d</controlfield>
  <datafield tag="040" ind1=" " ind2=" ">
    <subfield code="a">DO-SdBNP</subfield>
    <subfield code="b">spa</subfield>
    <subfield code="c">BNPHU </subfield>
    <subfield code="e">rda</subfield>
  </datafield>
  <datafield tag="041" ind1=" " ind2=" ">
    <subfield code="a">spa</subfield>
  </datafield>
  <datafield tag="082" ind1=" " ind2="4">
    <subfield code="a">0</subfield>
    <subfield code="b">C755g</subfield>
  </datafield>
  <datafield tag="110" ind1="1" ind2=" ">
    <subfield code="a">Consejo Nacional de Competitividad.</subfield>
    <subfield code="b">Rep&#xFA;blica Dominicana</subfield>
    <subfield code="9">87146</subfield>
  </datafield>
  <datafield tag="245" ind1="1" ind2="0">
    <subfield code="a">Gu&#xED;a pr&#xE1;ctica :</subfield>
    <subfield code="b">conformaci&#xF3;n de cl&#xFA;steres /</subfield>
    <subfield code="c">edici&#xF3;n, Di&#xF3;genes Pi&#xF1;a.</subfield>
  </datafield>
  <datafield tag="264" ind1=" " ind2=" ">
    <subfield code="a">Santo Domingo : </subfield>
    <subfield code="b">Consejo Nacional de Competitividad,</subfield>
    <subfield code="c">2016.</subfield>
  </datafield>
  <datafield tag="300" ind1=" " ind2=" ">
    <subfield code="a">44 p&#xE1;ginas : </subfield>
    <subfield code="b">ilustraciones, mapas ; </subfield>
    <subfield code="c">21 cm. </subfield>
  </datafield>
  <datafield tag="336" ind1=" " ind2=" ">
    <subfield code="a">texto</subfield>
    <subfield code="b">txt</subfield>
    <subfield code="2">rdacontent</subfield>
  </datafield>
  <datafield tag="337" ind1=" " ind2=" ">
    <subfield code="a">sin mediaci&#xF3;n </subfield>
    <subfield code="b">n</subfield>
    <subfield code="2">rdamedia </subfield>
  </datafield>
  <datafield tag="338" ind1=" " ind2=" ">
    <subfield code="a">volumen</subfield>
    <subfield code="b">nc</subfield>
    <subfield code="2">rdacarrier </subfield>
  </datafield>
  <datafield tag="700" ind1="1" ind2=" ">
    <subfield code="a">Pi&#xF1;a, Di&#xF3;genes,</subfield>
    <subfield code="e">edici&#xF3;n </subfield>
    <subfield code="4">ed.</subfield>
    <subfield code="9">87147</subfield>
  </datafield>
  <datafield tag="942" ind1=" " ind2=" ">
    <subfield code="2">ddc</subfield>
    <subfield code="c">LBS1</subfield>
  </datafield>
  <datafield tag="952" ind1=" " ind2=" ">
    <subfield code="0">0</subfield>
    <subfield code="1">0</subfield>
    <subfield code="2">ddc</subfield>
    <subfield code="5">1</subfield>
    <subfield code="7">0</subfield>
    <subfield code="8">PD-F</subfield>
    <subfield code="a">BNPHU</subfield>
    <subfield code="b">BNPHU</subfield>
    <subfield code="c">CT</subfield>
    <subfield code="d">2024-01-29</subfield>
    <subfield code="e"> Donado por Consejo Nacional de Competitividad	</subfield>
    <subfield code="l">0</subfield>
    <subfield code="o">0 C755g</subfield>
    <subfield code="p">2025-1612</subfield>
    <subfield code="r">2025-03-10</subfield>
    <subfield code="w">2025-03-10</subfield>
    <subfield code="y">LBS1</subfield>
  </datafield>
  <datafield tag="952" ind1=" " ind2=" ">
    <subfield code="0">0</subfield>
    <subfield code="1">0</subfield>
    <subfield code="2">ddc</subfield>
    <subfield code="5">1</subfield>
    <subfield code="7">0</subfield>
    <subfield code="8">PD-F</subfield>
    <subfield code="a">BNPHU</subfield>
    <subfield code="b">BNPHU</subfield>
    <subfield code="c">CT</subfield>
    <subfield code="d">2024-01-29</subfield>
    <subfield code="e">Donado por Consejo Nacional de Competitividad </subfield>
    <subfield code="l">0</subfield>
    <subfield code="o">0 C755g</subfield>
    <subfield code="p">2025-1613</subfield>
    <subfield code="r">2025-03-10</subfield>
    <subfield code="t">e.2</subfield>
    <subfield code="w">2025-03-10</subfield>
    <subfield code="y">LBS1</subfield>
  </datafield>
  <datafield tag="952" ind1=" " ind2=" ">
    <subfield code="0">0</subfield>
    <subfield code="1">0</subfield>
    <subfield code="2">ddc</subfield>
    <subfield code="5">6</subfield>
    <subfield code="7">0</subfield>
    <subfield code="8">DS-F</subfield>
    <subfield code="a">BNPHU</subfield>
    <subfield code="b">BNPHU</subfield>
    <subfield code="c">CT</subfield>
    <subfield code="d">2024-01-29</subfield>
    <subfield code="e">Donado por Consejo Nacional de Competitividad	</subfield>
    <subfield code="l">0</subfield>
    <subfield code="o">0 C755g</subfield>
    <subfield code="p">2025-1614</subfield>
    <subfield code="r">2025-03-10</subfield>
    <subfield code="t">e.3</subfield>
    <subfield code="w">2025-03-10</subfield>
    <subfield code="y">LBS1</subfield>
  </datafield>
  <datafield tag="952" ind1=" " ind2=" ">
    <subfield code="0">0</subfield>
    <subfield code="1">0</subfield>
    <subfield code="2">ddc</subfield>
    <subfield code="5">6</subfield>
    <subfield code="7">0</subfield>
    <subfield code="8">DS-F</subfield>
    <subfield code="a">BNPHU</subfield>
    <subfield code="b">BNPHU</subfield>
    <subfield code="c">CT</subfield>
    <subfield code="d">2024-01-29</subfield>
    <subfield code="e">Donado por Consejo Nacional de Competitividad	</subfield>
    <subfield code="l">0</subfield>
    <subfield code="o">0 C755g</subfield>
    <subfield code="p">2025-1615</subfield>
    <subfield code="r">2025-03-10</subfield>
    <subfield code="t">e.4</subfield>
    <subfield code="w">2025-03-10</subfield>
    <subfield code="y">LBS1</subfield>
  </datafield>
  <datafield tag="952" ind1=" " ind2=" ">
    <subfield code="0">0</subfield>
    <subfield code="1">0</subfield>
    <subfield code="2">ddc</subfield>
    <subfield code="5">6</subfield>
    <subfield code="7">0</subfield>
    <subfield code="8">DS-F</subfield>
    <subfield code="a">BNPHU</subfield>
    <subfield code="b">BNPHU</subfield>
    <subfield code="c">CT</subfield>
    <subfield code="d">2024-01-29</subfield>
    <subfield code="e">Donado por Consejo Nacional de Competitividad	</subfield>
    <subfield code="l">0</subfield>
    <subfield code="o">0 C755g</subfield>
    <subfield code="p">2025-1616</subfield>
    <subfield code="r">2025-03-10</subfield>
    <subfield code="t">e.5</subfield>
    <subfield code="w">2025-03-10</subfield>
    <subfield code="y">LBS1</subfield>
  </datafield>
  <datafield tag="999" ind1=" " ind2=" ">
    <subfield code="c">58360</subfield>
    <subfield code="d">58360</subfield>
  </datafield>
</record>
